De cómo la educación aposto al caballo equivocado
Saved in:
| Hovedforfatter: | |
|---|---|
| Format: | Bog |
| Sprog: | spansk |
| Udgivet: |
Buenos Aires
Aique
1994
|
| Serier: | Serie de la palabra
|
| Fag: | |
| Tags: |
Tilføj Tag
Ingen Tags, Vær først til at tagge denne postø!
|
MARC
| LEADER | 00000nam a2200000 a 4500 | ||
|---|---|---|---|
| 001 | UCY1263 | ||
| 003 | CL-VaPUC | ||
| 008 | 940825e19940000AG |||||||||||||||||spa|d | ||
| 020 | |a 9507012044 | ||
| 082 | 0 | 4 | |a 370.1 |b SMI |2 21 |
| 100 | 0 | |a Smith, Frank |e author |9 329216 | |
| 245 | 1 | 0 | |a De cómo la educación aposto al caballo equivocado |
| 300 | |a 171 p | ||
| 942 | |c BK | ||
| 945 | |d 19940825 00:00:00 |a rbrito | ||
| 260 | |a Buenos Aires |b Aique |c 1994 | ||
| 650 | 0 | |a Filosofía de la educación |9 258384 | |
| 650 | 0 | |a Filosofía del lenguaje |9 257082 | |
| 583 | |a last modification |c 19940825 00:00:00 |k Rodrigo Vera | ||
| 490 | 0 | |a Serie de la palabra | |
| 999 | |c 230030 |d 230028 | ||
| 952 | |0 0 |1 0 |4 0 |6 370_100000000000000_SMI_1994 |7 0 |8 A |9 231849 |a FDOPOS |b FDOPOS |d 2019-11-15 |i 3013278 |o 370.1 SMI 1994 |p 3013278 |r 2019-11-15 |w 2019-11-15 |y BK |k MLA | ||
| 952 | |0 0 |1 0 |4 0 |6 370_100000000000000_SMI_1994 |7 0 |8 A |9 231850 |a FDOPOS |b FDOPOS |d 2019-11-15 |i 4023994 |o 370.1 SMI 1994 |p 4023994 |r 2023-08-09 |w 2019-11-15 |y BK |k MLA | ||